STN EN ISO 3681: 2001 (67 3042), Spojivá náterových látok. Stanovenie čísla zmydelnenia. Odmerná metóda (ISO 3681: 1996)
Táto národná norma je identická s EN ISO 3681: 1998 v českom jazyku
| Main Author: | |
|---|---|
| Corporate Author: | |
| Other Authors: | |
| Format: | Book |
| Language: | Czech Slovak English |
| PhysicalDescription: | 12 s. tab. 30 cm |
| Published: |
Bratislava
Slovenský ústav technickej normalizácie
2001
|
| Subjects: |
MARC
| LEADER | 00000cam a2200000 a 4500 | ||
|---|---|---|---|
| 001 | vtls010458970 | ||
| 003 | SK-MaSNL | ||
| 005 | 20260301214325.0 | ||
| 008 | 130117s2001 xo a f u 001 0 cze | ||
| 015 | |a SNBN2014 | ||
| 020 | |c (cen. skup. 10) | ||
| 040 | |a SNK |b slo |c SNK |e AACR2 | ||
| 041 | 1 | |a cze |a slo |h eng | |
| 044 | |a xo |c SK | ||
| 046 | |a s |m 200110 (účin.) | ||
| 072 | 7 | |a 674 |x Drevo. Drevársky priemysel |2 konspekt | |
| 072 | 7 | |a 667 |x Priemysel farbív |2 konspekt | |
| 080 | |a 674 |2 2001 | ||
| 080 | |a 006.86 |2 2001 | ||
| 080 | |a (437.6) |2 2001 | ||
| 080 | |a (4) |2 2001 | ||
| 080 | |a (083) |2 2001 | ||
| 080 | |a 667.63 |2 2001 | ||
| 084 | |a 87.040 |2 ICS | ||
| 130 | 0 | |a STN 67 3042 (STN EN ISO 3681) |9 602551 | |
| 245 | 1 | 0 | |a STN EN ISO 3681: 2001 (67 3042), Spojivá náterových látok. Stanovenie čísla zmydelnenia. Odmerná metóda (ISO 3681: 1996) |
| 246 | 1 | 0 | |a Spojivá náterových látok |
| 246 | 1 | 0 | |a Stanovenie čísla zmydelnenia |
| 246 | 1 | 0 | |a Odmerná metóda |
| 246 | 3 | 0 | |a ISO 3681: 1996 |
| 260 | |a Bratislava |b Slovenský ústav technickej normalizácie |c 2001 | ||
| 300 | |a 12 s. |b tab. |c 30 cm | ||
| 500 | |a Spracovateľ: Tekos Bratislava, Milan Smolár ; SÚTN Bratislava, Alena Urbanová | ||
| 500 | |a Súbežný názov v angl., franc. a nem. | ||
| 504 | |a Citované normy, súvisiace normy s. II ; register slov. termínov s. III | ||
| 520 | 8 | |a Táto národná norma je identická s EN ISO 3681: 1998 v českom jazyku | |
| 540 | |a STN vydané na akomkoľvek nosiči sa môžu rozmnožovať a rozširovať iba so súhlasom určenej právnickej osoby |b SÚTN Bratislava |c zákon 264/1999 Z. z. | ||
| 650 | 0 | 7 | |a drevársky priemysel |2 SNKPH |9 1117 |
| 650 | 0 | 7 | |a technické normy a štandardy |z Slovensko |2 SNKPH |9 79594 |
| 650 | 0 | 7 | |a Timber industry |2 SNKPHeng |9 267055 |
| 650 | 0 | 7 | |a náterové látky |2 SNKPH |9 75358 |
| 650 | 0 | 7 | |a Coatings |2 SNKPHeng |9 267775 |
| 650 | 0 | 7 | |a technické normy a štandardy |z krajiny Európskej únie |2 SNKPH |9 289341 |
| 655 | 7 | |a normy |2 SNKPH |9 70643 | |
| 700 | 1 | |a Smolár, Milan |4 trl |9 314111 | |
| 700 | 1 | |a Urbanová, Alena |4 aut |9 314402 | |
| 710 | 2 | |a TEKOS (Bratislava, Slovensko) |4 trl |9 314403 | |
| 710 | 2 | |a Slovenský ústav technickej normalizácie (Bratislava, Slovensko). |b Technická normalizačná komisia č. 16 Drevárske výrobky |4 stn |9 314404 | |
| 852 | |a Štátna vedecká knižnica v Banskej Bystrici | ||
| 958 | |a NB | ||
| 958 | |a OP | ||
| 999 | |c 924400 |d 926330 | ||
| 952 | |a SNK |b SNK |y PREZ |7 0 |p 17A1040503 |o snkSTN EN ISO 3681 |i snk2012/20344 |8 0 |0 0 |1 0 |4 0 |d 2012-10-12 |l 0 |r 2026-02-24 08:27:50 |w 2026-02-24 | ||
| 952 | |a SNK |b SNK |y PREZ |7 0 |p 17A1040504 |o snkSTN EN ISO 3681 D1 |i snk2012/20345 |8 0 |0 0 |1 0 |4 0 |d 2012-10-12 |l 0 |r 2026-02-24 08:27:50 |w 2026-02-24 | ||


